000 00548nam a2200217 a 4500
001 0001-2402
003 ELIB.Books
008 191007 2010 eng
020 _aKBTS
092 _aFic
_bBlue Mountain Press
100 _aBlume, Jude.
245 _aTales of a Fourth Grade Nothing
260 _aLondon
_bPiccolo Books
_c1981
300 _a123
_c18 Cm
650 _aFiction
856 _nKBTS Library
_uKBTS Elib
942 _2ddc
_cBK
990 _a1
998 _aEnglishbooks.elf
_ccat
_e2019-10-07
999 _c12402
_d12402